Statistics for Countries With Most Miss World Winners

Click here to take the quiz!

General Stats

  • This quiz has been taken 44 times
  • The average score is 5 of 8

Answer Stats

TimesAnswer% Correct
3USA
98%
5UK
90%
6India
81%
3Sweden
67%
6Venezuela
67%
3South Africa
57%
3Iceland
29%
3Jamaica
29%

Score Distribution

Percentile by Number Answered

Percent of People with Each Score

Your Score History

You have not taken this quiz